000 00832nam a2200277Ia 4500
001 Z_1472
003 CHAP
008 220113s1993 xx 000 0 und d
010 _a164561
040 _cCHAP
090 _aTesis H 789
100 _aHernández López, Adalberto
_954231
245 _aUso de enzimas en la alimentación de pollos de engorda /
_cpor Adalberto Hernández López y Felipe de Jesús Reyes Delgadillo
260 _aChapingo, Méx. :
_bEl autor,
_c1993
300 _a34 h.
502 _aTesis (Ing. Agr. Esp. en Zootecnia) -- UACH. Departamento de Zootecnia
650 _aAves de corral
_xEngorda
_98647
650 _aEnzimas
_937195
700 _aReyes Delgadillo, Felipe de Jesús
_9138648
901 _aTESIS H 789
902 _aM
910 _a1993
942 _c2
942 _c2
999 _c164561
_d164561